000 00496nam a2200229Ia 4500
003 IT-RoPAU
008 120407s9999 xx 000 0 und d
040 _aIT-RoPAU
040 _cIT-RoPAU
041 _aita
100 _aGiorgio Penzo
245 _aIl potere. Saggi di filosofia sociale e politica. AA. VV.
250 _aRoma
260 _aCittà Nuova
260 _c1085
300 _a194 p.
300 _c18 cm
490 _aIde
490 _v69
942 _cBK
999 _c28088
_d28088